Holiday Quiz

Random Holiday or Clickable Quiz

Festive Words on Broadway! Quiz Stats

 Plays Quiz Updated Aug 27, 2018

Score 0/28 Timer 04:00
5 Plays Today
% Correct
Guest
83.8%
Parade
79.9%
Mother
79.2%
Candy
77.8%
Summer
77.5%
Candle
73%
Annual
71.7%
Father's
69.2%
Valentine
68.6%
Fool
68.5%
Souls
67.4%
Day
64.3%
Saturday
63.3%
September
61.4%
% Correct
May
60.8%
Holiday
60.7%
Spring
58%
Washington
55.1%
December
52.1%
Birthday
49.4%
Dance
49.3%
Sunday
45.1%
Wedding
41.9%
Christmas
40.1%
Party
39%
June
38.5%
Flag
33.5%
March
31.4%

You're not logged in!

Compare scores with friends on all Sporcle quizzes.
OR
Log In

Sporcle TV

Today on Sporcle TV


Watch our educational content, quiz creation guides, and fun videos on Sporcle TV.

Show Comments

Extras

Top Quizzes Today


Score Distribution

Your Account Isn't Verified!

In order to create a playlist on Sporcle, you need to verify the email address you used during registration. Go to your Sporcle Settings to finish the process.

Report this User

Report this user for behavior that violates our Community Guidelines.

Details: